• 首页
  • 本馆介绍
  • 公告通知
  • 最新文献
  • 馆藏检索
  • 电子资源
  • 读者导购
  • 参考咨询
  • 我的图书馆
  • 登录
  • 详细信息显示
  • 放入我的书架
  • 预约/预借图书
  • 作者相关作品
  • 分类相关作品
  • 丛书相关作品
  • 出版社相关作品

书目信息

  • 表格格式
  • 工作单格式
  • 卡片格式
题名:
黑白百花绘
    
 
作者: 董雪南 编著
分册:  
出版信息: 天津   天津人民美术出版社  2018
页数: 306页
开本: 21cm
丛书名:
单 册:
中图分类: J211.27
科图分类:
主题词: 花卉画--绘画技法
电子资源:
ISBN: 978-7-5305-8355-5
000 00712nam0 2200217 450
001 3556
005 20180527164938.66
010    @a978-7-5305-8355-5@dCNY49.80
100    @a20180412d2018 em y0chiy50 ea
101 0  @achi
102    @aCN@b120000
105    @aa z 000yy
200 1  @a黑白百花绘@9hei bai bai hua hui@e100种花语绘盛宴@f董雪南编著
210    @a天津@c天津人民美术出版社@d2018
215    @a306页@c图@d21cm
330    @a本书展示了4个季节的100个案例的花朵线稿绘画教程。每个季节每一种花朵都是精心挑选出来,并配有相应的花语以及绘画要点。
606 0  @a花卉画@x绘画技法
690    @aJ211.27@v5
701  0 @a董雪南@9dong xue nan@4编著
801  0 @aCN@b91MARC@c20180412
905    @aMuseLib@dJ211.27@e852
    
    黑白百花绘:100种花语绘盛宴/董雪南编著.-天津:天津人民美术出版社,2018
    306页:图;21cm
    
    
    ISBN 978-7-5305-8355-5:CNY49.80
    本书展示了4个季节的100个案例的花朵线稿绘画教程。每个季节每一种花朵都是精心挑选出来,并配有相应的花语以及绘画要点。
●
相关链接 在E读中查询图书 在五车中查询图书 在当当中查询图书 在豆瓣中查询图书


正题名:黑白百花绘     索取号:J211.27/852         预约/预借

序号 登录号 条形码 馆藏地/架位号 状态 备注
1 1109672   211096721   第一样本阅览室/ [索取号:J211.27/852] 在馆    
2 1109673   211096730   教育系资料室/ [索取号:J211.27/852] 在馆    
3 1109674   211096749   教育系资料室/ [索取号:J211.27/852] 在馆    
4 1109675   211096758   第一借阅区/ [索取号:J211.27/852] 在馆    
唐山师范学院图书馆 欢迎您!
大连网信软件有限公司© 版权所有